000 01939nam1a2200289 i 4500
001 RU\NLR\BIBL_A\011510923
005 20260406051744.0
010 _a9785738923005
035 _a(NLR Aleph) 011510923
090 _a12046046
_c12046046
100 _a20171101g20179999k y0rusy50 ca
101 0 _arus
_deng
102 _aRU
105 _a||||z|||1||||
200 1 _aСовременные проблемы экономического развития предприятий, отраслей, комплексов, территорий
_eматериалы международной научно-практической конференции (Хабаровск, 27 апреля 2017 г.)
_eв двух томах
_f[редакционная коллегия: В.С. Лосев, д-р экон. наук, профессор (отв. редактор) и др.]
210 _aХабаровск
_cИзд-во ТОГУ
_d2017
215 _d21
300 _aВ надзаг.: М-во образования и науки Рос. Федерации, Федер. гос. бюджет. образоват. учреждение высш. образования "Тихоокеан. гос. ун-т"
606 _aЭкономика
_jСъезды, совещания и т.п
_91414491
_3RU\NLR\AUTH\66284709
686 1 _aУ.я431
702 1 _4340
_7ca
_8rus
_aЛосев
_bВ. С.
_gВалерий Сергеевич
_9116884
_3RU\NLR\AUTH\776938
711 1 2 _a"Современные проблемы экономического развития предприятий, отраслей, комплексов, территорий", международная научно-практическая конференция
_eХабаровск
_f2017
_9574068
_3RU\NLR\AUTH\880455341
852 _aNLR
_j2017-3/29374
942 _cBOOK